L'histoire litteraire aujourd'hui

Αποθηκεύτηκε σε:
Λεπτομέρειες βιβλιογραφικής εγγραφής
Άλλοι συγγραφείς: Behar, Herni, Fayolle, Roger 1928- (Διευθυντής)
Μορφή: Βιβλίο
Γλώσσα:French
Δημοσίευση: Paris : Armand Colin, 1990
Θέματα:
Ετικέτες: Προσθήκη ετικέτας
Δεν υπάρχουν, Καταχωρήστε ετικέτα πρώτοι!

MARC

LEADER 00000nam a2200000 i 4500
001 1/83365
008 980227s1990 fre d
020 |a 2-200-37186-1 
035 |a 1998  |b 1  |c Αγορά/Χριστοδουλίδου  |l 10034174 
040 |a GR-MY-UA  |b gre  |e aacr 
041 0 |a fre 
082 0 |a 840.9 
245 1 0 |a L'histoire litteraire aujourd'hui /  |c sous la direction d'Herni Behar et la Roger Fayolle 
260 |a Paris :   |b Armand Colin,   |c 1990 
300 |a 187 p. 
650 0 0 |a French literature  |x History and criticism. 
650 0 0 |a Criticism  |z France  |x History  |y 20th century. 
700 1 |a Behar, Herni. 
700 1 |a Fayolle, Roger  |d 1928-  |4 drt 
852 |a INST  |b RHODES  |e 19980227  |h 840.9 HIS  |p 005400011050  |q 005400011050  |t BK  |y 0 
901 |a BIBL-1998-1 
909 |a Ρ  |b 052955  |c 1998